| 000 | 01578nam a2200361 a 4500 | ||
|---|---|---|---|
| 999 |
_c197560 _d197560 |
||
| 003 | BLK | ||
| 005 | 20250117132905.0 | ||
| 008 | 180411b bul|||||r ||||||| ||bul|| | ||
| 010 | _aKNG00206841000 | ||
| 020 | _a978-954-398-471-8 | ||
| 040 | _aBLK | ||
| 041 |
_aBUL _cBUL |
||
| 072 | 7 |
_2bullib _aН83 _xЧужда художествена литература Н |
|
| 080 |
_aАмериканска литература (на САЩ) _b821.111(73) _x-312.4 _z821.111(73)-312.4 |
||
| 100 | 1 |
_aСпан, Сюзън _gАмерикански писател _eпърви автор _9122416 |
|
| 139 |
_aСпан, Сюзън _bС 55 |
||
| 245 | 1 | 0 |
_aОстрието на Самурая _cСюзън Спан; прев. Антония Колева Стоянова. |
| 257 | _aUSA | ||
| 260 |
_bТруд _c2016 _fСофия : Бетпринт |
||
| 300 |
_a248 с. _c21 см |
||
| 380 | _aX | ||
| 500 | _aОриг. загл.: Blade of the Samurai / Susan Spann. - Името на прев. отбелязано на гърба на предзагл. с. - Кн. 2 от поредицата Разследванията на шиноби. - Речник на използваните яп. думи: с. 245-247. | ||
| 659 | _aН | ||
| 700 | 1 |
_aСтоянова, Антония Колева _eпрев. _9385724 |
|
| 852 | _aЦб 285724 | ||
| 856 | 4 | _qpdf | |
| 856 | 4 | _qpdf | |
| 942 |
_cKNG _n0 _017 |
||
| 944 |
_aCR _c25.05.2017 _k30560 _lГеновева Генчева |
||
| 944 |
_aED _c10.10.2017 _kВиолета_Тройчева |
||
| 999 | _d197560 | ||
| 999 | _d197560 | ||